Регионална библиотека "Любен Каравелов" - Русе

Културната мисия на кръга "Мисъл" (Запис номер 81454)

MARC детайли
000 -Лидер
Контролно поле с фиксирана дължина 01965nam a2200445 c 4500
003 - Код на организацията, давaща контролен номер
Контролно поле BLK
005 - Дата и час на последна редакция
Контролно поле 20240916181109.0
008 - Елементи от данни с фиксирана дължина
fixed length control field 180408b bul|||||r ||||||| ||bul||
010 ## - Наследен системен номер
LC control number KNG00085958000
020 ## - Международен стандартен номер на книга ISBN
Международен стандартен номер на книга ISBN 978-954-357-161-1
-- издат.: ЕМАС
040 ## - Източник на каталожния запис
Идентификатор на билиотеката - собственик на записа BLK
041 ## - Код за език
Код за езика на текст/звукозапис или на отделно заглавие Български
Код за езика КДБФ Български
080 ## - УДК
Текстов определител УДК Литературна естетика. Философия на литературата
УДК код - определител по УДК 82.01
УДК определител
УДК - код + определител 82.01
080 ## - УДК
Текстов определител УДК Българска литература
УДК код - определител по УДК 821.163.2
УДК определител .015
УДК - код + определител 821.163.2.015
080 ## - УДК
Текстов определител УДК Теория и естетика на театъра и сцената, режисура
УДК код - определител по УДК 792.01
УДК определител
УДК - код + определител 792.01
100 1# - Редна дума - Автор
Автор Кортенска, Мирослава Стефанова
Авторска отговорност първи автор
R(LIN) 370483
139 ## - Редно поле
Редна дума Кортенска, Мирослава Стефанова
Авторски знак Кор - К 85
245 10 - Сведения за заглавието
Заглавие Културната мисия на кръга "Мисъл"
Подзаглавни данни Пенчо Славейков, д-р Кръстев, Пейо Яворов, Петко Тодоров
Редно поле (дума) Мирослава Стефанова Кортенска.
257 ## - Страна на издаване
Страна на създаване/издаване България
260 ## - Област на издателските данни
-- София
Име на издателя, разпространителя и проч. ЕМАС
Година на издаване 2008
300 ## - Физическа характеристика
Страници 383 с.
Илюстрации и др. с ил.
Размери/Мащаб 20 см
380 ## - Жанр
Жанр Литературознание
500 ## - Общи забележки
Забележка Библиогр. с. 181-182
504 ## - Забележка за наличие на библиография и др
Забележка за наличие на библиография и под. 181-182
590 ## - Забележки на библиотеката, притежаваща документа (RLIN)
Служебно ф
650 #4 - Допълнително описание по предмет – тема
Основно описание – тема или топоним Литература - теория и естетика
9 (RLIN) 241540
650 #4 - Допълнително описание по предмет – тема
Основно описание – тема или топоним Литературни направления - в българската литература
9 (RLIN) 251706
650 #4 - Допълнително описание по предмет – тема
Основно описание – тема или топоним Модернизъм - в изкуството и литературата
9 (RLIN) 241538
650 #4 - Допълнително описание по предмет – тема
Основно описание – тема или топоним Театър - естетика
9 (RLIN) 255084
653 ## - Ключова дума – ненормативна
Ключова дума литературна естетика
653 ## - Ключова дума – ненормативна
Ключова дума модернизъм
653 ## - Ключова дума – ненормативна
Ключова дума театър
653 ## - Ключова дума – ненормативна
Ключова дума естетика
852 ## - Местоположение
Форматна сигнатура Цб 241572
856 4# - Електронен адрес и достъп
Електронен формат pdf - файл
Път до файла /url/
856 4# - Електронен адрес и достъп
Електронен формат pdf - файл
Път до файла /url/
942 ## - АРТИКУЛИ
Вид на библиотечния материал Книги
Скрит в OPAC Не
Koha issues (borrowed), all copies 1
944 ## - СЪЗДАВАНЕ И РЕДАКЦИЯ на ЗАПИСА
Създаване/Редакция Създаване
Дата на регистрацията/редакция 20.10.2008
Служител, извършил регистрацията/редакцията 30575
Статус, дата на статуса Мартин Енчев
944 ## - СЪЗДАВАНЕ И РЕДАКЦИЯ на ЗАПИСА
Създаване/Редакция Редакция
Дата на регистрацията/редакция 02.07.2009
Служител, извършил регистрацията/редакцията
999 ## - СИСТЕМНИ КОНТРОЛНИ НОМЕРА
Koha biblionumber 81454
Koha biblioitemnumber 81454
Наличности
Код за отписване Код за изгубен артикул Код за повреда Коз за рестрикции Код за отдаване Артикулен № Име на библиотеката - собственик Име на библиотеката, в която се намира в момента Статус (Текущо местоположение) Дата на вписване в системата Местоположение - отдел Цена в лева Инвентарен номер Систематично азбучна сигнатура Баркод Номер на екземпляра Цена в евро Служебна бележка Служебен тип на артикула Източник на класификационната схема
  Не е изгубен Не е повреден без рестрикции ползва се в читалня 132167 Регионална библиотека "Любен Каравелов" Русе Регионална библиотека "Любен Каравелов" Русе Читалня 2008-10-06 Читалня 11.15 120000730369 Ч 82.0/К 85 120000730369 1 5.70 Дост: Pk Вид: Ф N: 8680 Дата: 03.10.2008 Дата инв: 27.03.2017 Бележки инв: Ч2017 Книги  
  Не е изгубен Не е повреден без рестрикции заемане за дома 132168 Регионална библиотека "Любен Каравелов" Русе Регионална библиотека "Любен Каравелов" Русе Заемна - подръчен фонд 2008-12-02 Заемна - подръчен фонд 9.00 120000731814 82.01/.09/К 85 120000731814 2 4.60 Дост: Pk Вид: Ф N: 268 Дата: 02.12.2008 Дата инв: 08.02.2018 Бележки инв: П2018 Книги Universal Decimal Classification
  Не е изгубен Не е повреден без рестрикции ползва се в читалня 132169 Регионална библиотека "Любен Каравелов" Русе Регионална библиотека "Любен Каравелов" Русе Хранилище 2009-07-02 Хранилище 9.00 120000736648 Цб 241572 120000736648 3 4.60 Дост: Dp Вид: Д N: 5 Дата: 21.01.2009 Книги  
Vip Innovations Ltd, Rousse, Bulgaria 2025